Bruce Springsteen ~ The River - Statistics

General Stats
  • This quiz has been taken 52 times
  • The average score is 237 of 302
Answer Stats
Answer % Correct
a
100%
do
100%
down
100%
Down
100%
I
100%
the
100%
we
100%
We
100%
and
97%
And
97%
to
97%
when
97%
When
97%
in
95%
Mary
95%
River
95%
valley
95%
Where
95%
where
95%
come
92%
from
92%
Me
92%
me
92%
you
92%
high
89%
just
89%
met
89%
No
89%
no
89%
school
89%
seventeen
89%
she
89%
We'd
89%
we'd
89%
go
87%
They
87%
they
87%
were
87%
daddy
84%
into
84%
Like
84%
like
84%
was
84%
wedding
84%
went
84%
young
84%
your
84%
birthday
82%
dive
82%
done
82%
my
82%
My
82%
pregnant
82%
that
82%
That
82%
up
82%
all
79%
bring
79%
car
79%
card
79%
drive
79%
for
79%
For
79%
got
79%
mister
79%
coat
76%
job
76%
night
76%
union
76%
work
76%
you're
76%
But
74%
company
74%
construction
74%
day
74%
dress
74%
it
74%
nineteenth
74%
of
74%
on
74%
ride
74%
Then
74%
walk
74%
working
74%
wrote
74%
flowers
71%
aisle
68%
at
68%
At
68%
courthouse
68%
fields
68%
green
68%
rest
68%
there
68%
ain't
66%
economy
66%
man
66%
put
66%
smiles
66%
account
63%
been
63%
Is
63%
is
63%
judge
63%
ay ay ay
61%
brothers
61%
lately
61%
much
61%
out
61%
Her
58%
her
58%
Now
58%
remember
58%
so
58%
take
58%
act
55%
acts
55%
care
55%
don't
55%
haunt
55%
important
55%
reservoir
55%
those
55%
Well
55%
air
53%
body
53%
Johnstown
53%
lie
53%
Oh oh
53%
oh oh
53%
things
53%
this
53%
wet
53%
awake
50%
back
50%
banks
50%
breath
50%
dream
50%
feel
50%
Or
50%
she'd
50%
something
50%
tan
50%
us
50%
worse
50%
each
47%
If
47%
memories
47%
riding
47%
right
47%
seemed
47%
true
47%
close
45%
curse
45%
I'd
45%
sends
45%
vanished
45%
them
42%
baby
39%
pull
39%
dry
37%
know
34%
tonight
34%
did
26%
Though
26%
off
21%
ay ay ay
13%
No matching quizzes found
Score Distribution
Percent of People with Each Score
Percentile by Number Answered
Your Score History
You have not taken this quiz